Freguesias de Fafe - Statistics

Estatísticas Gerais
  • Esse quiz foi jogado 167 vezes
  • A pontuação média é 25 de 36
Estatísticas das Respostas
Freguesias % Correto
Fafe
90%
Arões (Santa Cristina)
87%
Arões (São Romão)
87%
Queimadela
79%
Silvares (São Clemente)
79%
Silvares (São Martinho)
79%
Várzea Cova
79%
Antime
77%
Arnozela
77%
Cepães
77%
Fornelos
77%
Quinchães
77%
Aboim
74%
Fareja
74%
Felgueiras
74%
Medelo
72%
Moreira do Rei
72%
Seidões
72%
Serafão
72%
Regadas
69%
São Gens
69%
Travassós
69%
Estorãos
67%
Vila Cova
67%
Armil
62%
Freitas
62%
Golães
62%
Agrela
59%
Monte
59%
Ribeiros
59%
Ardegão
56%
Gontim
56%
Vinhós
56%
Revelhe
54%
Pedraído
51%
Passos
46%
Nenhum quiz correspondente encontrado
Distribuição das Pontuações
Porcentagem de Pessoas com Cada Pontuação
Percentil de Números Respondidos
Sua Pontuação Histórica
Você não jogou esse quiz